[Event "POL-ch U18 Girls"]
[Site "Sypniewo"]
[Date "2022.03.24"]
[Round "6"]
[White "Kieca, Aleksandra"]
[Black "Kukula, Klara"]
[Result "1-0"]
[WhiteElo "1696"]
[BlackElo "1464"]
[PlyCount "129"]
[EventDate "2022.03.19"]
[EventType "swiss"]
[EventRounds "9"]
[EventCountry "POL"]
[SourceTitle "CBM 207 Extra"]
[Source "ChessBase"]
[SourceDate "2022.05.31"]
[SourceVersion "1"]
[SourceVersionDate "2022.05.31"]
[SourceQuality "1"]

1. d4 d5 2. Nf3 Nf6 3. e3 c5 4. Bd3 g6 5. 0-0 cxd4 6. exd4 Bg7 7. Bf4 0-0 8. Re1 Bf5 9. c3 Bxd3 10. Qxd3 Nbd7 11. Qb5 b6 12. Nbd2 Re8 13. h3 Nf8 14. Ne5 Ne6 15. Bh2 Qc8 16. Ndf3 Nc7 17. Qb3 Ne6 18. Re2 Rd8 19. Nd2 Nd7 20. Nxd7 Rxd7 21. Rae1 Qd8 22. Nf3 Qc8 23. Qd1 Kf8 24. Qd2 Qb7 25. Be5 Re8 26. Qe3 Nd8 27. Bf4 e6 28. Bh6 Nc6 29. Qf4 Kg8 30. Nh2 Qc7 31. Qd2 Qd8 32. Ng4 f5 33. Bg5 Qc8 34. Nf6+ Bxf6 35. Bxf6 Rf7 36. Bg5 Na5 37. Qf4 Nc4 38. Qg3 Rc7 39. Bh6 Rc6 40. Qg5 Qd7 41. h4 Qe7 42. Qg3 a6 43. Bg5 Qd6 44. Bf4 Qd7 45. Be5 Nxe5 46. Rxe5 Qg7 47. Rxd5 Qf7 48. Rde5 Rd8 49. Qg5 Rd7 50. R1e3 Kg7 51. h5 Qf6 52. Qxf6+ Kxf6 53. hxg6 hxg6 54. Kf1 Rd5 55. Rxd5 exd5 56. Re5 Rd6 57. Ke2 Re6 58. f4 Rd6 59. Kd3 b5 60. Kc2 Rd8 61. Kb3 Kf7 62. Kb4 a5+ 63. Kxa5 Ra8+ 64. Kb4 Rxa2 65. Kb3 1-0

[Event "POL-ch U18 Girls"]
[Site "Sypniewo"]
[Date "2022.03.22"]
[Round "4"]
[White "Jedrzejko, Martyna"]
[Black "Kukula, Klara"]
[Result "1/2-1/2"]
[WhiteElo "1517"]
[BlackElo "1464"]
[PlyCount "65"]
[EventDate "2022.03.19"]
[EventType "swiss"]
[EventRounds "9"]
[EventCountry "POL"]
[SourceTitle "CBM 207 Extra"]
[Source "ChessBase"]
[SourceDate "2022.05.31"]
[SourceVersion "1"]
[SourceVersionDate "2022.05.31"]
[SourceQuality "1"]

1. e4 c6 2. d4 d5 3. Nc3 dxe4 4. Nxe4 Bf5 5. Ng3 Bg6 6. h4 h6 7. Nf3 Nd7 8. h5 Bh7 9. Bd3 Bxd3 10. Qxd3 e6 11. Bd2 Qc7 12. 0-0-0 0-0-0 13. Ne4 Ngf6 14. g3 Bd6 15. Kb1 Nxe4 16. Qxe4 Nf6 17. Qe2 Rhe8 18. Ne5 c5 19. c3 Kb8 20. f4 cxd4 21. cxd4 Bxe5 22. dxe5 Nd5 23. Rc1 Qd7 24. Rhd1 Rc8 25. Be1 Rxc1+ 26. Rxc1 Rf8 27. Qd3 Qd8 28. Bf2 Nb4 29. Qb3 Qd3+ 30. Qxd3 Nxd3 31. Bc5 Nxc5 32. Rxc5 Rd8 33. Kc2 1/2-1/2

[Event "POL-ch U18 Girls"]
[Site "Sypniewo"]
[Date "2022.03.19"]
[Round "1"]
[White "Kukula, Klara"]
[Black "Bugaj, Hanna"]
[Result "0-1"]
[WhiteElo "1464"]
[BlackElo "1782"]
[PlyCount "52"]
[EventDate "2022.03.19"]
[EventType "swiss"]
[EventRounds "9"]
[EventCountry "POL"]
[SourceTitle "CBM 207 Extra"]
[Source "ChessBase"]
[SourceDate "2022.05.31"]
[SourceVersion "1"]
[SourceVersionDate "2022.05.31"]
[SourceQuality "1"]

1. c4 e6 2. g3 d5 3. Bg2 c6 4. d3 Bd6 5. e3 Nf6 6. Nc3 0-0 7. Nge2 Na6 8. a3 Nc7 9. b4 e5 10. c5 Be7 11. f4 exf4 12. Nxf4 d4 13. Ne4 dxe3 14. Bxe3 Ncd5 15. Nxd5 Nxd5 16. Bd2 f5 17. Nc3 Nxc3 18. Bxc3 Bf6 19. Qc2 Re8+ 20. Kf1 Re3 21. Rd1 f4 22. Bxf6 Qxf6 23. gxf4 Bg4 24. Qa2+ Kh8 25. Rd2 Rae8 26. Be4 Qxf4+ 0-1

[Event "POL-chT U20 2nd League"]
[Site "Sypniewo"]
[Date "2020.??.??"]
[Round "7.40"]
[White "Kukula, Klara"]
[Black "Wasala, Wiktoria"]
[Result "1/2-1/2"]
[WhiteElo "1232"]
[BlackElo "1458"]
[PlyCount "89"]
[EventDate "2020.10.23"]
[EventType "team-swiss"]
[EventRounds "9"]
[EventCountry "POL"]
[SourceTitle "CBM 199 Extra"]
[Source "ChessBase"]
[SourceDate "2021.01.31"]
[SourceVersion "1"]
[SourceVersionDate "2021.01.31"]
[SourceQuality "1"]

1. e4 Nf6 2. e5 Nd5 3. d4 d6 4. Nf3 Bg4 5. Be2 Nc6 6. c4 Nb6 7. exd6 exd6 8. b3 Be7 9. 0-0 0-0 10. Nc3 Bf6 11. Be3 Re8 12. Qd2 Qd7 13. Rac1 Rad8 14. Rfd1 h6 15. d5 Ne5 16. Nxe5 Bxe5 17. Bxg4 Qxg4 18. h3 Qg6 19. Bf4 a6 20. Re1 Nd7 21. Kh1 Bxf4 22. Qxf4 Ne5 23. Qd2 Nd3 24. Rxe8+ Rxe8 25. Rd1 Nc5 26. Kg1 Ne4 27. Nxe4 Qxe4 28. Kf1 f5 29. Re1 Qxe1+ 30. Qxe1 Rxe1+ 31. Kxe1 Kf7 32. f4 Kf6 33. Kf2 g5 34. Ke3 a5 35. a3 b6 36. a4 Kg6 37. g3 Kh5 38. Kf3 Kg6 39. Ke3 gxf4+ 40. Kxf4 h5 41. Ke3 Kf6 42. Kf4 Kg6 43. Ke3 Kf6 44. Kf4 Kg6 45. Ke3 1/2-1/2